Aj spaľovne idú s duchom doby

Nové, moderné spaľovne a efektívne využitie komunálneho odpadu. Energetické zhodnotenie komunálneho odpadu. Rozvojová koncepcia v odpadovom hospodárstve. Smernica EÚ o odpadoch. Emisné limity podľa európskych predpisov.

Gespeichert in:
Bibliographische Detailangaben
1. Verfasser: Hudec, Marián
Format: Buchkapitel
Sprache:Slowakisch
Schlagworte:
Tags: Tag hinzufügen
Keine Tags, Fügen Sie das erste Tag hinzu!

MARC

LEADER 00000naa$a2200000$$$4500
001 0113901
005 20231005102523.4
041 0 |a slo 
044 |a SK 
245 1 0 |a Aj spaľovne idú s duchom doby  |c Marián Hudec 
520 |a Nové, moderné spaľovne a efektívne využitie komunálneho odpadu. Energetické zhodnotenie komunálneho odpadu. Rozvojová koncepcia v odpadovom hospodárstve. Smernica EÚ o odpadoch. Emisné limity podľa európskych predpisov. 
610 2 0 |a odpad komunálny 
610 2 0 |a likvidácia odpadu 
610 2 0 |a využitie odpadu 
610 2 0 |a recyklácia odpadu 
610 2 0 |a skládky odpadu 
610 2 0 |a ochrana prostredia životného 
100 1 |a Hudec, Marián